Freedom of speech denied, dignity assaulted:what the whistleblowers experience in the US /

Đã lưu trong:
Chi tiết về thư mục
Tác giả chính: Maria, William de
Định dạng: Texto
Các nhãn: Thêm thẻ
Không có thẻ, Là người đầu tiên thẻ bản ghi này!

MARC

LEADER 00000 a a2200000 04500
001 4785
003
040
100 |a Maria, William de  
245 |a Freedom of speech denied, dignity assaulted:what the whistleblowers experience in the US /  |c William de Maria 
773 |g volumen 56, número 6; páginas 884-903  
999 |c 36900  |d 36900